=LDR 00000nam 2200000 4500 =001 INLIS000000000016677 =005 20130612111935 =008 ***********************************Ind** =035 ##$$0010-061300000016677 =041 ##$$a Ind =082 ##$$a 92(Darwin, Charles) =090 ##$$a 92(Darwin, Charles), Dar t =100 ##$$a darwin, Charles =245 ##$$a The origin of spesies asal-ususl spesies, Charles Darwin =260 ##$$a 2003 $b Jakarta =300 ##$$a 126 hlm, ilus, 21 cm =650 ##$$a Biografi Darwin, Charles =850 ##$$a NBPNMAT =990 ##$$a 21400613/BPAP-NTB/20142014 =990 ##$$a 0001/BPAP-NTB/20142015